00564 2200205 4500001002100000005001500021035002000036007000300056008004100059082001700100084002300117245006400140250001100204260002900215300003100244110003100275600000800306990002200314990002200336INLIS00000000000576420260429094206 a0010-0426000049ta260429 0  a821.222.1-32 a821.222.1-32 BAD a1 aAku dan BPK : Kumpulan cerpen /cBadan Pemeriksa Keuanga RI acet. 1 aJakarta :bBKP RI,c2022 ax, 162 hal. : Ilus.; 21 cm0 aBadan Pemeriksa Keuanga RI 4aBPK a5123/BPPSDMP/2026 a5123/BPPSDMP/2026